000 00551nam a2200205Ia 4500
005 20250923145653.0
008 008 250917s9999 xx 000 0 eng d
037 _aTextual
040 _aDSWL
_beng
_cDSWL
041 _aeng
_2eng
084 _aYX:5.2, N83
_qDSWL
100 _aPillai, G.N.
_9837774
245 0 _aSocial welfare services
_c by G.N.Pillai
260 _aTrivandrum
_bSref
_c1983
300 _a160 p.
365 _aINR
_b67.50
925 _g67.50
942 _cTEXL
_hYX:5.2, N83
999 _c1454177
_d1454177